000 00927cam a2200265Ma 4500
001 4218360
003 ARRUPE
005 20141219140719.0
008 030306s1968 ke b b 000 0 eng d
035 _a(OCoLC)ocm51836807
035 _a(NNC)4218360
040 _aEQO
_cEQO
_dNNC
245 1 0 _aRecords of the Maji Maji Rising :
_bpart one /
_cedited by G.C.K. Gwassa and John Iliffe.
260 _aNairobi :
_bEast African Publishing House,
_c[1968].
300 _a31 p. :
_bmaps ;
_c22 cm.
490 1 _aPaper (Historical Association of Tanzania) ;
_vno. 4
504 _aIncludes bibliographical references (p. 31-[32]).
650 0 _aMaji Maji Uprising, 1905-1907.
_913284
651 0 _aTanzania
_xHistory.
_xSources
_913285
700 1 _aGwassa, G. C. K.
_913286
700 1 _aIliffe, John.
_913287
830 0 _aPaper (Historical Association of Tanzania) ;
_vno. 4.
_913288
942 _2lcc
_cMONOGRAPH
999 _c121458
_d121458